Toward a better future education and training for economic development in Singapore since 1965
Enregistré dans:
| Autres auteurs: | |
|---|---|
| Format: | Livre |
| Langue: | anglais |
| Publié: |
Washington, D.C.
<The> World Bank
2008
|
| Collection: | Development practice in education
|
| Sujets: | |
| Tags: |
Pas de tags, Soyez le premier à ajouter un tag!
|
MARC
| LEADER | 00000nam$a2200000$$$4500 | ||
|---|---|---|---|
| 001 | 0075874 | ||
| 005 | 20240109071209.2 | ||
| 020 | |a 978-0-8213-7375-0 | ||
| 041 | 0 | |a eng | |
| 044 | |a US | ||
| 245 | 1 | 0 | |a Toward a better future |b education and training for economic development in Singapore since 1965 |c edited by: Lee Sing Kong ... [et al.] |
| 264 | 1 | |a Washington, D.C. |b <The> World Bank |c 2008 | |
| 300 | |a 206 s. | ||
| 490 | 1 | |a Development practice in education | |
| 830 | 0 | |a Development practice in education | |
| 610 | 2 | 0 | |a vzdelávanie |
| 610 | 2 | 0 | |a školstvo |
| 610 | 2 | 0 | |a riadenie strategické |
| 610 | 2 | 0 | |a programy študijné |
| 610 | 2 | 0 | |a plán učebný |
| 610 | 2 | 0 | |a výskum |
| 610 | 2 | 0 | |a učitelia |
| 610 | 2 | 0 | |a rozvoj hospodársky |
| 610 | 2 | 0 | |a technika |
| 610 | 2 | 0 | |a zručnosti |
| 610 | 2 | 0 | |a digitalizácia |
| 610 | 2 | 0 | |a technológie informačné |
| 610 | 2 | 0 | |a technológie komunikačné |
| 610 | 2 | 0 | |a plánovanie |
| 610 | 2 | 0 | |a univerzity |
| 610 | 2 | 0 | |a Singapur |
| 700 | 1 | |a Kong, Lee Sing | |